Introductory Linear Algebra 8th Edition (Record no. 531236)
[ view plain ]
| 000 -LEADER | |
|---|---|
| fixed length control field | 00373nam a2200133Ia 4500 |
| 008 - FIXED-LENGTH DATA ELEMENTS--GENERAL INFORMATION | |
| fixed length control field | 191014s9999 xx 000 0 und d |
| 020 ## - INTERNATIONAL STANDARD BOOK NUMBER | |
| International Standard Book Number | 0-1254560502-2 |
| 082 ## - DEWEY DECIMAL CLASSIFICATION NUMBER | |
| Classification number | 512.5 |
| Author Mark | HIL |
| 100 ## - MAIN ENTRY--PERSONAL NAME | |
| Personal name | Bernard Kolman, David R. Hill |
| 9 (RLIN) | 23739 |
| 245 #0 - TITLE STATEMENT | |
| Title | Introductory Linear Algebra 8th Edition |
| 260 ## - PUBLICATION, DISTRIBUTION, ETC. | |
| Place of publication, distribution, etc. | Pakistan |
| Name of publisher, distributor, etc. | National Books Fundation |
| 300 ## - PHYSICAL DESCRIPTION | |
| Extent | Xvii,648 |
| 942 ## - ADDED ENTRY ELEMENTS (KOHA) | |
| Koha item type | Book |
| Withdrawn status | Lost status | Damaged status | Not for loan | Permanent Location | Current Location | Date acquired | Source of acquisition | Cost, normal purchase price | Total Checkouts | Total Renewals | Full call number | Barcode | Date last seen | Date last checked out | Price effective from | Koha item type |
|---|---|---|---|---|---|---|---|---|---|---|---|---|---|---|---|---|
| School of Natural Sciences (SNS) | School of Natural Sciences (SNS) | 10/15/2019 | Donation | 0.00 | 1 | 1 | 512.5HIL | SNS0003013 | 05/09/2023 | 02/23/2023 | 10/15/2019 | Book |
